[Event "Amsterdam Science Park 2023"]
[Site "Science Park, Amsterdam, Netherlands"]
[Date "2023.07.21"]
[Round "7.1"]
[White "Blees, Albert"]
[Black "Zwirs, Nico"]
[Result "1/2-1/2"]
[WhiteElo "2319"]
[BlackElo "2443"]

1. d4 {[%clk 01:30:54]} {[%emt 00:00:05]} d5 {[%clk 01:30:56]} {[%emt
00:00:05]} 2. c4 {[%clk 01:31:12]} {[%emt 00:00:11]} e6 {[%clk 01:31:24]}
{[%emt 00:00:03]} 3. Nc3 {[%clk 01:31:24]} {[%emt 00:00:18]} Nf6 {[%clk
01:31:50]} {[%emt 00:00:04]} 4. cxd5 {[%clk 01:31:14]} {[%emt 00:00:40]} exd5
{[%clk 01:32:19]} {[%emt 00:00:01]} 5. Bg5 {[%clk 01:31:31]} {[%emt 00:00:12]}
c6 {[%clk 01:32:41]} {[%emt 00:00:09]} 6. e3 {[%clk 01:31:34]} {[%emt
00:00:27]} Be6 {[%clk 01:32:35]} {[%emt 00:00:35]} 7. Bd3 {[%clk 01:31:07]}
{[%emt 00:00:58]} Nbd7 {[%clk 01:31:31]} {[%emt 00:01:35]} 8. Nge2 {[%clk
01:28:04]} {[%emt 00:03:32]} h6 {[%clk 01:31:40]} {[%emt 00:00:21]} 9. Bh4
{[%clk 01:27:45]} {[%emt 00:00:48]} g5 {[%clk 01:32:04]} {[%emt 00:00:07]} 10.
Bg3 {[%clk 01:28:09]} {[%emt 00:00:06]} Nh5 {[%clk 01:32:28]} {[%emt 00:00:05]}
11. Qc2 {[%clk 01:26:02]} {[%emt 00:02:38]} Nxg3 {[%clk 01:31:06]} {[%emt
00:01:52]} 12. Nxg3 {[%clk 01:23:25]} {[%emt 00:03:07]} h5 {[%clk 01:31:01]}
{[%emt 00:00:34]} 13. Bf5 {[%clk 01:21:12]} {[%emt 00:02:44]} Qf6 {[%clk
01:24:34]} {[%emt 00:06:57]} 14. e4 {[%clk 01:07:39]} {[%emt 00:14:03]} h4
{[%clk 01:03:03]} {[%emt 00:22:01]} 15. Bxe6 {[%clk 01:03:00]} {[%emt
00:05:08]} fxe6 {[%clk 01:02:11]} {[%emt 00:01:22]} 16. Nge2 {[%clk 01:01:03]}
{[%emt 00:02:27]} h3 {[%clk 01:01:24]} {[%emt 00:01:17]} 17. Rg1 {[%clk
00:56:00]} {[%emt 00:05:34]} O-O-O {[%clk 00:49:24]} {[%emt 00:12:30]} 18. exd5
{[%clk 00:44:04]} {[%emt 00:12:27]} exd5 {[%clk 00:49:42]} {[%emt 00:00:11]} 19.
Nxd5 {[%clk 00:44:19]} {[%emt 00:00:16]} Qd6 {[%clk 00:45:42]} {[%emt
00:04:30]} 20. Ne3 {[%clk 00:43:21]} {[%emt 00:01:27]} hxg2 {[%clk 00:41:00]}
{[%emt 00:05:13]} 21. O-O-O {[%clk 00:42:28]} {[%emt 00:01:22]} Rxh2 {[%clk
00:41:02]} {[%emt 00:00:28]} 22. d5 {[%clk 00:40:51]} {[%emt 00:02:08]} Qc5
{[%clk 00:26:20]} {[%emt 00:15:12]} 23. dxc6 {[%clk 00:40:41]} {[%emt
00:00:40]} Qxc6 {[%clk 00:22:28]} {[%emt 00:04:23]} 24. Qxc6+ {[%clk 00:39:44]}
{[%emt 00:01:27]} bxc6 {[%clk 00:22:57]} {[%emt 00:00:01]} 25. Ng4 {[%clk
00:39:54]} {[%emt 00:00:18]} Rh4 {[%clk 00:20:10]} {[%emt 00:03:18]} 26. Rxg2
{[%clk 00:39:22]} {[%emt 00:01:01]} Bc5 {[%clk 00:19:37]} {[%emt 00:01:03]} 27.
Nc3 {[%clk 00:32:29]} {[%emt 00:07:23]} Rf8 {[%clk 00:17:04]} {[%emt 00:03:03]}
1/2-1/2

[Event "Amsterdam Science Park 2023"]
[Site "Science Park, Amsterdam, Netherlands"]
[Date "2023.07.21"]
[Round "7.2"]
[White "Abdulla, Murad"]
[Black "Riemersma, Li"]
[Result "0-1"]
[WhiteElo "2307"]
[BlackElo "2440"]

1. e4 {[%clk 01:30:57]} {[%emt 00:00:04]} e5 {[%clk 01:30:58]} {[%emt
00:00:01]} 2. Nf3 {[%clk 01:31:16]} {[%emt 00:00:12]} Nc6 {[%clk 01:31:24]}
{[%emt 00:00:02]} 3. Bc4 {[%clk 01:31:20]} {[%emt 00:00:26]} Bc5 {[%clk
01:31:49]} {[%emt 00:00:07]} 4. c3 {[%clk 01:31:15]} {[%emt 00:00:35]} Nf6
{[%clk 01:32:00]} {[%emt 00:00:19]} 5. d3 {[%clk 01:31:25]} {[%emt 00:00:20]}
a5 {[%clk 01:31:57]} {[%emt 00:00:32]} 6. Nbd2 {[%clk 01:26:00]} {[%emt
00:05:56]} d6 {[%clk 01:30:20]} {[%emt 00:02:06]} 7. h3 {[%clk 01:24:28]}
{[%emt 00:02:01]} O-O {[%clk 01:19:16]} {[%emt 00:11:35]} 8. O-O {[%clk
01:20:09]} {[%emt 00:04:49]} h6 {[%clk 01:19:26]} {[%emt 00:00:19]} 9. a4
{[%clk 01:20:02]} {[%emt 00:00:37]} Be6 {[%clk 01:03:37]} {[%emt 00:16:19]} 10.
Re1 {[%clk 01:09:05]} {[%emt 00:11:27]} Re8 {[%clk 00:55:00]} {[%emt 00:09:07]}
11. Bb5 {[%clk 01:02:37]} {[%emt 00:06:58]} Bd7 {[%clk 00:44:00]} {[%emt
00:11:30]} 12. Nf1 {[%clk 00:59:22]} {[%emt 00:03:44]} Ne7 {[%clk 00:43:51]}
{[%emt 00:00:40]} 13. Bc4 {[%clk 00:51:26]} {[%emt 00:08:26]} Ng6 {[%clk
00:42:39]} {[%emt 00:01:41]} 14. Ng3 {[%clk 00:50:53]} {[%emt 00:01:03]} Be6
{[%clk 00:35:21]} {[%emt 00:07:48]} 15. Bb3 {[%clk 00:41:05]} {[%emt 00:10:18]}
d5 {[%clk 00:30:43]} {[%emt 00:05:09]} 16. exd5 {[%clk 00:25:32]} {[%emt
00:16:03]} Bxd5 {[%clk 00:31:09]} {[%emt 00:00:04]} 17. Bc2 {[%clk 00:25:58]}
{[%emt 00:00:04]} Bc6 {[%clk 00:21:54]} {[%emt 00:09:44]} 18. Bd2 {[%clk
00:19:37]} {[%emt 00:06:51]} Qd7 {[%clk 00:20:09]} {[%emt 00:02:15]} 19. b4
{[%clk 00:17:52]} {[%emt 00:02:14]} axb4 {[%clk 00:17:25]} {[%emt 00:03:15]} 20.
cxb4 {[%clk 00:18:18]} {[%emt 00:00:05]} Ba7 {[%clk 00:12:47]} {[%emt
00:05:07]} 21. b5 {[%clk 00:14:36]} {[%emt 00:04:12]} Bd5 {[%clk 00:12:54]}
{[%emt 00:00:23]} 22. Bc3 {[%clk 00:14:48]} {[%emt 00:00:19]} Qd6 {[%clk
00:13:10]} {[%emt 00:00:14]} 23. Bb2 {[%clk 00:08:25]} {[%emt 00:06:53]} Qc5
{[%clk 00:13:10]} {[%emt 00:00:30]} 24. d4 {[%clk 00:07:45]} {[%emt 00:01:11]}
exd4 {[%clk 00:11:29]} {[%emt 00:02:10]} 25. Nxd4 {[%clk 00:02:20]} {[%emt
00:05:55]} Nh4 {[%clk 00:09:40]} {[%emt 00:02:19]} 26. Rxe8+ {[%clk 00:02:05]}
{[%emt 00:00:45]} Rxe8 {[%clk 00:10:08]} {[%emt 00:00:01]} 27. Nh5 {[%clk
00:02:26]} {[%emt 00:00:08]} Nf3+ {[%clk 00:03:18]} {[%emt 00:07:21]} 28. gxf3
{[%clk 00:01:18]} {[%emt 00:01:38]} Nxh5 {[%clk 00:03:36]} {[%emt 00:00:11]} 29.
Qd3 {[%clk 00:01:21]} {[%emt 00:00:27]} Nf6 {[%clk 00:03:33]} {[%emt 00:00:33]}
30. Rc1 {[%clk 00:00:39]} {[%emt 00:01:13]} Bc4 {[%clk 00:02:54]} {[%emt
00:01:09]} 31. Qd2 {[%clk 00:00:48]} {[%emt 00:00:21]} Qh5 {[%clk 00:02:05]}
{[%emt 00:01:18]} 32. Kh2 {[%clk 00:00:34]} {[%emt 00:00:45]} Bd5 {[%clk
00:01:59]} {[%emt 00:00:36]} 33. Rg1 {[%clk 00:00:47]} {[%emt 00:00:17]} c6
{[%clk 00:00:56]} {[%emt 00:01:34]} 34. Nf5 {[%clk 00:00:40]} {[%emt 00:00:37]}
Bb8+ {[%clk 00:01:06]} {[%emt 00:00:20]} 35. f4 {[%clk 00:01:09]} g6 {[%clk
00:00:54]} {[%emt 00:00:42]} 36. Bxf6 {[%clk 00:00:34]} {[%emt 00:01:05]} Re2
{[%clk 00:01:23]} 37. Ne7+ {[%clk 00:00:39]} {[%emt 00:00:25]} Kf8 {[%clk
00:01:39]} {[%emt 00:00:14]} 38. Qd4 {[%clk 00:00:38]} {[%emt 00:00:31]} Qf3
{[%clk 00:01:41]} {[%emt 00:00:27]} 39. Nxd5 {[%emt 00:00:37]} Rxf2+ {[%clk
00:02:03]} {[%emt 00:00:06]} 40. Qxf2 {[%clk 00:01:01]} {[%emt 00:00:02]} Qxf2+
{[%clk 00:02:23]} {[%emt 00:00:10]} 41. Rg2 {[%clk 00:01:26]} {[%emt 00:00:05]}
Bxf4+ {[%clk 00:02:41]} {[%emt 00:00:12]} 42. Nxf4 {[%clk 00:30:24]} {[%emt
00:01:32]} Qxf4+ {[%clk 00:32:56]} {[%emt 00:00:15]} 43. Kg1 {[%clk 00:29:31]}
{[%emt 00:01:23]} Qxf6 {[%clk 00:31:05]} {[%emt 00:02:21]} 44. bxc6 {[%clk
00:29:35]} {[%emt 00:00:26]} Qxc6 {[%clk 00:31:16]} {[%emt 00:00:19]} 45. Rf2
{[%clk 00:29:33]} {[%emt 00:00:32]} Kg7 {[%clk 00:31:21]} {[%emt 00:00:24]} 46.
Kh2 {[%clk 00:29:00]} {[%emt 00:01:03]} b6 {[%clk 00:31:25]} {[%emt 00:00:27]}
47. Rg2 {[%clk 00:29:00]} {[%emt 00:00:31]} Qd6+ {[%clk 00:31:33]} {[%emt
00:00:22]} 48. Kg1 {[%clk 00:29:23]} {[%emt 00:00:06]} h5 {[%clk 00:31:33]}
{[%emt 00:00:30]} 49. Kh1 {[%clk 00:29:26]} {[%emt 00:00:28]} h4 {[%clk
00:31:03]} {[%emt 00:00:59]} 50. Kg1 {[%clk 00:29:37]} {[%emt 00:00:19]} f5
{[%clk 00:31:07]} {[%emt 00:00:26]} 0-1

[Event "Amsterdam Science Park 2023"]
[Site "Science Park, Amsterdam, Netherlands"]
[Date "2023.07.21"]
[Round "7.3"]
[White "Kanis, Sierk"]
[Black "Hopman, Pieter"]
[Result "1-0"]
[WhiteElo "2112"]
[BlackElo "2323"]

1. d4 {[%clk 01:30:57]} {[%emt 00:00:04]} f5 {[%clk 01:30:45]} {[%emt
00:00:14]} 2. Nf3 {[%clk 01:29:42]} {[%emt 00:01:44]} Nf6 {[%clk 01:31:04]}
{[%emt 00:00:12]} 3. Bf4 {[%clk 01:29:45]} {[%emt 00:00:27]} e6 {[%clk
01:31:04]} {[%emt 00:00:30]} 4. e3 {[%clk 01:29:55]} {[%emt 00:00:20]} b6
{[%clk 01:31:13]} {[%emt 00:00:21]} 5. Be2 {[%clk 01:28:31]} {[%emt 00:01:55]}
Bb7 {[%clk 01:31:32]} {[%emt 00:00:12]} 6. O-O {[%clk 01:28:46]} {[%emt
00:00:14]} Be7 {[%clk 01:31:30]} {[%emt 00:00:33]} 7. h3 {[%clk 01:28:26]}
{[%emt 00:00:48]} O-O {[%clk 01:31:50]} {[%emt 00:00:10]} 8. c4 {[%clk
01:28:45]} {[%emt 00:00:12]} d6 {[%clk 01:30:52]} {[%emt 00:01:27]} 9. Nc3
{[%clk 01:28:58]} {[%emt 00:00:16]} Ne4 {[%clk 01:30:41]} {[%emt 00:00:42]} 10.
Rc1 {[%clk 01:28:29]} {[%emt 00:00:59]} Bf6 {[%clk 01:30:07]} {[%emt 00:01:03]}
11. Bh2 {[%clk 01:27:44]} {[%emt 00:01:15]} Qe7 {[%clk 01:26:53]} {[%emt
00:03:45]} 12. Nxe4 {[%clk 01:22:01]} {[%emt 00:06:13]} fxe4 {[%clk 01:26:29]}
{[%emt 00:00:54]} 13. Nd2 {[%clk 01:22:21]} {[%emt 00:00:10]} c5 {[%clk
01:24:45]} {[%emt 00:02:15]} 14. Qc2 {[%clk 01:20:39]} {[%emt 00:02:13]} d5
{[%clk 01:12:26]} {[%emt 00:12:49]} 15. cxd5 {[%clk 01:19:24]} {[%emt
00:01:45]} exd5 {[%clk 01:12:43]} {[%emt 00:00:13]} 16. dxc5 {[%clk 01:19:00]}
{[%emt 00:00:53]} bxc5 {[%clk 01:09:21]} {[%emt 00:03:52]} 17. Qxc5 {[%clk
01:18:22]} {[%emt 00:01:08]} Qe6 {[%clk 01:03:10]} {[%emt 00:06:42]} 18. Bg4
{[%clk 01:00:53]} {[%emt 00:17:58]} Qa6 {[%clk 00:57:26]} {[%emt 00:06:14]} 19.
b4 {[%clk 00:53:33]} {[%emt 00:07:50]} Re8 {[%clk 00:51:18]} {[%emt 00:06:38]}
20. Nb3 {[%clk 00:48:49]} {[%emt 00:05:14]} Be7 {[%clk 00:48:05]} {[%emt
00:03:43]} 21. b5 {[%clk 00:44:40]} {[%emt 00:04:39]} Qa4 {[%clk 00:31:25]}
{[%emt 00:17:10]} 22. Qc7 {[%clk 00:40:28]} {[%emt 00:04:42]} Qxb5 {[%clk
00:30:51]} {[%emt 00:01:04]} 23. Nd4 {[%clk 00:40:14]} {[%emt 00:00:44]} Qb6
{[%clk 00:25:54]} {[%emt 00:05:27]} 24. Be6+ {[%clk 00:36:09]} {[%emt
00:04:34]} Kh8 {[%clk 00:25:12]} {[%emt 00:01:13]} 25. Bf7 {[%clk 00:34:06]}
{[%emt 00:02:32]} Na6 {[%clk 00:24:13]} {[%emt 00:01:29]} 26. Qxb6 {[%clk
00:31:33]} {[%emt 00:03:03]} axb6 {[%clk 00:24:41]} {[%emt 00:00:02]} 27. Bxe8
{[%clk 00:31:30]} {[%emt 00:00:34]} Rxe8 {[%clk 00:25:10]} {[%emt 00:00:02]} 28.
Rb1 {[%clk 00:25:00]} {[%emt 00:06:59]} Bc5 {[%clk 00:25:09]} {[%emt 00:00:30]}
29. a3 {[%clk 00:21:59]} {[%emt 00:03:32]} Kg8 {[%clk 00:24:28]} {[%emt
00:01:11]} 30. Rb5 {[%clk 00:17:26]} {[%emt 00:05:02]} Bc8 {[%clk 00:24:00]}
{[%emt 00:00:58]} 31. Rfb1 {[%clk 00:16:20]} {[%emt 00:01:36]} Re7 {[%clk
00:20:18]} {[%emt 00:04:12]} 32. g4 {[%clk 00:10:48]} {[%emt 00:06:01]} h5
{[%clk 00:13:55]} {[%emt 00:06:53]} 33. a4 {[%clk 00:07:43]} {[%emt 00:03:35]}
hxg4 {[%clk 00:12:43]} {[%emt 00:01:41]} 34. a5 {[%clk 00:06:12]} {[%emt
00:02:01]} Bd7 {[%clk 00:08:18]} {[%emt 00:04:55]} 35. Rxb6 {[%clk 00:05:58]}
{[%emt 00:00:44]} Bxb6 {[%clk 00:08:24]} {[%emt 00:00:24]} 36. Rxb6 {[%clk
00:05:44]} {[%emt 00:00:45]} Bc8 {[%clk 00:07:47]} {[%emt 00:01:07]} 37. hxg4
{[%clk 00:03:59]} {[%emt 00:02:14]} Rb7 {[%clk 00:04:45]} {[%emt 00:03:32]} 38.
Bd6 {[%clk 00:01:42]} {[%emt 00:02:47]} Kh7 {[%clk 00:02:15]} {[%emt 00:03:01]}
39. Rc6 {[%clk 00:00:55]} {[%emt 00:01:17]} Rb1+ {[%clk 00:02:21]} {[%emt
00:00:24]} 40. Kg2 {[%clk 00:00:59]} {[%emt 00:00:26]} Bb7 {[%clk 00:01:27]}
{[%emt 00:01:24]} 41. Rb6 {[%clk 00:00:58]} {[%emt 00:00:31]} Rxb6 {[%clk
00:29:10]} {[%emt 00:02:47]} 42. axb6 {[%clk 00:31:16]} {[%emt 00:00:13]} Kg6
{[%clk 00:29:31]} {[%emt 00:00:09]} 43. Nb3 {[%clk 00:24:00]} {[%emt 00:07:46]}
Kf6 {[%clk 00:28:41]} {[%emt 00:01:20]} 44. Na5 {[%clk 00:22:43]} {[%emt
00:01:47]} Bc8 {[%clk 00:28:57]} {[%emt 00:00:14]} 45. b7 {[%clk 00:22:12]}
{[%emt 00:01:01]} 1-0

[Event "Amsterdam Science Park 2023"]
[Site "Science Park, Amsterdam, Netherlands"]
[Date "2023.07.21"]
[Round "7.4"]
[White "Van Rootselaar, Rik"]
[Black "De Groote, Ewoud"]
[Result "0-1"]
[WhiteElo "1891"]
[BlackElo "2232"]

1. e4 {[%clk 01:30:56]} {[%emt 00:00:04]} c6 {[%clk 01:30:52]} {[%emt
00:00:08]} 2. d4 {[%clk 01:31:12]} {[%emt 00:00:14]} d5 {[%clk 01:31:19]}
{[%emt 00:00:03]} 3. e5 {[%clk 01:30:17]} {[%emt 00:01:25]} Bf5 {[%clk
01:31:45]} {[%emt 00:00:04]} 4. Nd2 {[%clk 01:30:06]} {[%emt 00:00:41]} e6
{[%clk 01:29:50]} {[%emt 00:02:25]} 5. Nb3 {[%clk 01:29:21]} {[%emt 00:01:15]}
Nd7 {[%clk 01:26:46]} {[%emt 00:03:34]} 6. Nf3 {[%clk 01:29:29]} {[%emt
00:00:23]} h6 {[%clk 01:24:43]} {[%emt 00:02:32]} 7. Be3 {[%clk 01:25:49]}
{[%emt 00:04:10]} Ne7 {[%clk 01:20:49]} {[%emt 00:04:24]} 8. Be2 {[%clk
01:25:21]} {[%emt 00:00:58]} a6 {[%clk 01:10:40]} {[%emt 00:10:39]} 9. O-O
{[%clk 01:24:43]} {[%emt 00:01:07]} Bh7 {[%clk 01:03:56]} {[%emt 00:07:15]} 10.
g4 {[%clk 01:18:21]} {[%emt 00:06:51]} Qc7 {[%clk 00:53:13]} {[%emt 00:11:14]}
11. Nh4 {[%clk 01:12:18]} {[%emt 00:06:32]} g5 {[%clk 00:40:58]} {[%emt
00:12:45]} 12. Ng2 {[%clk 01:12:07]} {[%emt 00:00:41]} c5 {[%clk 00:41:10]}
{[%emt 00:00:18]} 13. c3 {[%clk 01:07:47]} {[%emt 00:04:50]} Ng6 {[%clk
00:35:12]} {[%emt 00:06:28]} 14. Rc1 {[%clk 00:59:13]} {[%emt 00:09:04]} Be7
{[%clk 00:32:37]} {[%emt 00:03:06]} 15. c4 {[%clk 00:51:18]} {[%emt 00:08:25]}
dxc4 {[%clk 00:28:50]} {[%emt 00:04:17]} 16. Bxc4 {[%clk 00:51:32]} {[%emt
00:00:15]} Rd8 {[%clk 00:27:49]} {[%emt 00:01:31]} 17. Qe2 {[%clk 00:49:46]}
{[%emt 00:02:16]} b5 {[%clk 00:23:25]} {[%emt 00:04:55]} 18. Bd3 {[%clk
00:49:45]} {[%emt 00:00:30]} c4 {[%clk 00:23:12]} {[%emt 00:00:43]} 19. Bxg6
{[%clk 00:45:56]} {[%emt 00:04:19]} Bxg6 {[%clk 00:22:14]} {[%emt 00:01:27]} 20.
f4 {[%clk 00:45:10]} {[%emt 00:01:17]} Be4 {[%clk 00:20:25]} {[%emt 00:02:19]}
21. Nd2 {[%clk 00:40:32]} {[%emt 00:05:09]} Qb7 {[%clk 00:17:38]} {[%emt
00:03:17]} 22. f5 {[%clk 00:39:12]} {[%emt 00:01:50]} Nb6 {[%clk 00:15:28]}
{[%emt 00:02:40]} 23. Nxe4 {[%clk 00:31:22]} {[%emt 00:08:19]} Qxe4 {[%clk
00:15:56]} {[%emt 00:00:02]} 24. Qf3 {[%clk 00:30:54]} {[%emt 00:00:58]} Qxf3
{[%clk 00:15:39]} {[%emt 00:00:48]} 25. Rxf3 {[%clk 00:31:22]} {[%emt
00:00:02]} Nd5 {[%clk 00:14:53]} {[%emt 00:01:16]} 26. Bd2 {[%clk 00:30:42]}
{[%emt 00:01:10]} Rc8 {[%clk 00:09:55]} {[%emt 00:05:28]} 27. Ne3 {[%clk
00:26:38]} {[%emt 00:04:33]} Nf4 {[%clk 00:09:46]} {[%emt 00:00:38]} 28. Kf1
{[%clk 00:26:04]} {[%emt 00:01:04]} h5 {[%clk 00:09:46]} {[%emt 00:00:30]} 29.
f6 {[%clk 00:23:21]} {[%emt 00:03:13]} Bd8 {[%clk 00:09:09]} {[%emt 00:01:07]}
30. Ng2 {[%clk 00:16:48]} {[%emt 00:07:03]} hxg4 {[%clk 00:09:03]} {[%emt
00:00:36]} 31. Rg3 {[%clk 00:16:54]} {[%emt 00:00:24]} Rxh2 {[%clk 00:07:51]}
{[%emt 00:01:43]} 32. Kg1 {[%clk 00:10:55]} {[%emt 00:06:28]} Rh7 {[%clk
00:04:46]} {[%emt 00:03:35]} 33. Bxf4 {[%clk 00:08:35]} {[%emt 00:02:50]} gxf4
{[%clk 00:05:13]} {[%emt 00:00:03]} 34. Nxf4 {[%clk 00:08:57]} {[%emt
00:00:07]} Bb6 {[%clk 00:03:38]} {[%emt 00:02:06]} 35. Ne2 {[%clk 00:09:08]}
{[%emt 00:00:19]} Rh4 {[%clk 00:02:54]} {[%emt 00:01:14]} 36. b3 {[%clk
00:07:20]} {[%emt 00:02:18]} Kd7 {[%clk 00:02:37]} {[%emt 00:00:47]} 37. bxc4
{[%clk 00:07:30]} {[%emt 00:00:20]} Rxc4 {[%clk 00:03:03]} {[%emt 00:00:04]} 38.
Rxc4 {[%clk 00:06:50]} {[%emt 00:01:11]} bxc4 {[%clk 00:03:32]} {[%emt
00:00:01]} 39. Rc3 {[%clk 00:06:13]} {[%emt 00:01:06]} g3 {[%clk 00:02:59]}
{[%emt 00:01:03]} 40. Rxg3 {[%clk 00:00:37]} {[%emt 00:06:06]} Bxd4+ {[%clk
00:02:06]} {[%emt 00:01:24]} 41. Nxd4 {[%clk 00:00:48]} {[%emt 00:00:18]} Rxd4
{[%clk 00:02:35]} {[%emt 00:00:01]} 42. Ra3 {[%clk 00:23:52]} {[%emt 00:07:25]}
a5 {[%clk 00:21:37]} {[%emt 00:11:29]} 43. Rxa5 {[%clk 00:22:24]} {[%emt
00:01:58]} Kc6 {[%clk 00:19:38]} {[%emt 00:02:29]} 44. Ra8 {[%clk 00:19:21]}
{[%emt 00:03:32]} Kd5 {[%clk 00:18:32]} {[%emt 00:01:37]} 45. Ra7 {[%clk
00:15:35]} {[%emt 00:04:16]} c3 {[%clk 00:10:15]} {[%emt 00:08:48]} 46. Kf2
{[%clk 00:14:17]} {[%emt 00:01:48]} Rc4 {[%clk 00:08:26]} {[%emt 00:02:19]} 47.
Rd7+ {[%clk 00:12:26]} {[%emt 00:02:21]} Kxe5 {[%clk 00:08:36]} {[%emt
00:00:20]} 0-1

[Event "Amsterdam Science Park 2023"]
[Site "Science Park, Amsterdam, Netherlands"]
[Date "2023.07.21"]
[Round "7.5"]
[White "Beeke, Bob"]
[Black "Honkoop, Gilian"]
[Result "1-0"]
[WhiteElo "2216"]
[BlackElo "2193"]

1. d4 {[%clk 01:30:58]} {[%emt 00:00:02]} Nf6 {[%clk 01:30:56]} {[%emt
00:00:04]} 2. c4 {[%clk 01:31:23]} {[%emt 00:00:05]} e6 {[%clk 01:31:23]}
{[%emt 00:00:03]} 3. Nc3 {[%clk 01:31:49]} {[%emt 00:00:05]} Bb4 {[%clk
01:31:49]} {[%emt 00:00:05]} 4. Qc2 {[%clk 01:32:14]} {[%emt 00:00:04]} O-O
{[%clk 01:32:10]} {[%emt 00:00:09]} 5. a3 {[%clk 01:32:36]} {[%emt 00:00:09]}
Bxc3+ {[%clk 01:31:59]} {[%emt 00:00:40]} 6. Qxc3 {[%clk 01:33:01]} {[%emt
00:00:05]} a5 {[%clk 01:25:58]} {[%emt 00:06:32]} 7. Bg5 {[%clk 01:29:03]}
{[%emt 00:04:27]} d6 {[%clk 01:23:26]} {[%emt 00:03:02]} 8. e3 {[%clk
01:28:41]} {[%emt 00:00:51]} Nbd7 {[%clk 01:20:54]} {[%emt 00:03:03]} 9. Nf3
{[%clk 01:23:20]} {[%emt 00:05:51]} b6 {[%clk 01:17:51]} {[%emt 00:03:34]} 10.
Bd3 {[%clk 01:16:56]} {[%emt 00:06:53]} Bb7 {[%clk 01:16:47]} {[%emt 00:01:33]}
11. O-O {[%clk 01:16:12]} {[%emt 00:01:14]} h6 {[%clk 01:16:23]} {[%emt
00:00:51]} 12. Bh4 {[%clk 01:15:50]} {[%emt 00:00:56]} g5 {[%clk 01:10:38]}
{[%emt 00:06:14]} 13. Bg3 {[%clk 01:16:15]} {[%emt 00:00:06]} Ne4 {[%clk
01:11:04]} {[%emt 00:00:03]} 14. Qc2 {[%clk 01:09:42]} {[%emt 00:07:04]} f5
{[%clk 01:09:24]} {[%emt 00:02:07]} 15. Nd2 {[%clk 01:09:52]} {[%emt 00:00:22]}
Nxg3 {[%clk 00:54:36]} {[%emt 00:15:18]} 16. fxg3 {[%clk 01:06:26]} {[%emt
00:03:56]} Qe7 {[%clk 00:47:49]} {[%emt 00:07:17]} 17. Rf2 {[%clk 01:03:35]}
{[%emt 00:03:21]} Qg7 {[%clk 00:39:23]} {[%emt 00:08:57]} 18. Raf1 {[%clk
00:51:01]} {[%emt 00:13:03]} Rae8 {[%clk 00:31:45]} {[%emt 00:08:08]} 19. b4
{[%clk 00:48:05]} {[%emt 00:03:26]} axb4 {[%clk 00:31:29]} {[%emt 00:00:47]} 20.
axb4 {[%clk 00:48:31]} {[%emt 00:00:04]} c5 {[%clk 00:28:36]} {[%emt 00:03:23]}
21. Nb3 {[%clk 00:42:46]} {[%emt 00:06:14]} Rc8 {[%clk 00:26:13]} {[%emt
00:02:53]} 22. bxc5 {[%clk 00:32:43]} {[%emt 00:10:33]} bxc5 {[%clk 00:26:32]}
{[%emt 00:00:10]} 23. d5 {[%clk 00:32:49]} {[%emt 00:00:24]} exd5 {[%clk
00:21:19]} {[%emt 00:05:43]} 24. Bxf5 {[%clk 00:33:00]} {[%emt 00:00:19]} Rce8
{[%clk 00:21:45]} {[%emt 00:00:05]} 25. Bxd7 {[%clk 00:31:26]} {[%emt
00:02:04]} Rxf2 {[%clk 00:21:53]} {[%emt 00:00:21]} 26. Rxf2 {[%clk 00:31:14]}
{[%emt 00:00:42]} Qxd7 {[%clk 00:21:57]} {[%emt 00:00:26]} 27. Qg6+ {[%clk
00:31:33]} {[%emt 00:00:11]} 1-0

[Event "Amsterdam Science Park 2023"]
[Site "Science Park, Amsterdam, Netherlands"]
[Date "2023.07.21"]
[Round "7.6"]
[White "Finkenflugel, Renzo"]
[Black "Van Delft, Merijn"]
[Result "0-1"]
[WhiteElo "2082"]
[BlackElo "2369"]

1. e4 {[%clk 01:30:57]} {[%emt 00:00:03]} c5 {[%clk 01:30:55]} {[%emt
00:00:04]} 2. b4 {[%clk 01:31:18]} {[%emt 00:00:10]} cxb4 {[%clk 01:30:51]}
{[%emt 00:00:34]} 3. a3 {[%clk 01:31:39]} {[%emt 00:00:09]} e5 {[%clk
01:29:42]} {[%emt 00:01:38]} 4. Nf3 {[%clk 01:32:02]} {[%emt 00:00:09]} Nc6
{[%clk 01:29:46]} {[%emt 00:00:23]} 5. Bb2 {[%clk 01:32:25]} {[%emt 00:00:09]}
Nf6 {[%clk 01:25:47]} {[%emt 00:04:28]} 6. Nxe5 {[%clk 01:32:26]} {[%emt
00:00:30]} Nxe5 {[%clk 01:15:13]} {[%emt 00:11:04]} 7. Bxe5 {[%clk 01:32:42]}
{[%emt 00:00:14]} Be7 {[%clk 01:14:50]} {[%emt 00:00:54]} 8. axb4 {[%clk
01:22:36]} {[%emt 00:10:36]} Bxb4 {[%clk 01:14:27]} {[%emt 00:00:51]} 9. Bd3
{[%clk 01:17:03]} {[%emt 00:06:05]} O-O {[%clk 01:09:36]} {[%emt 00:05:18]} 10.
O-O {[%clk 01:17:11]} {[%emt 00:00:24]} Re8 {[%clk 01:07:58]} {[%emt 00:02:07]}
11. Bd4 {[%clk 01:12:09]} {[%emt 00:05:33]} Nxe4 {[%clk 00:56:55]} {[%emt
00:11:33]} 12. Ra4 {[%clk 01:02:42]} {[%emt 00:09:57]} a5 {[%clk 00:50:58]}
{[%emt 00:06:26]} 13. c3 {[%clk 00:50:28]} {[%emt 00:12:45]} b5 {[%clk
00:50:54]} {[%emt 00:00:31]} 14. Bxb5 {[%clk 00:47:18]} {[%emt 00:03:44]} Bf8
{[%clk 00:48:04]} {[%emt 00:03:18]} 15. Qh5 {[%clk 00:35:55]} {[%emt 00:11:55]}
Bb7 {[%clk 00:41:37]} {[%emt 00:06:56]} 16. f3 {[%clk 00:26:28]} {[%emt
00:09:58]} Nd6 {[%clk 00:34:21]} {[%emt 00:07:44]} 17. Bd3 {[%clk 00:25:00]}
{[%emt 00:01:59]} g6 {[%clk 00:34:04]} {[%emt 00:00:44]} 18. Qg4 {[%clk
00:22:24]} {[%emt 00:03:08]} Bc6 {[%clk 00:32:47]} {[%emt 00:01:47]} 19. Ra1
{[%clk 00:22:44]} {[%emt 00:00:11]} Bd5 {[%clk 00:24:00]} {[%emt 00:09:16]} 20.
Na3 {[%clk 00:21:53]} {[%emt 00:01:22]} Be6 {[%clk 00:23:42]} {[%emt 00:00:47]}
21. Qf4 {[%clk 00:20:35]} {[%emt 00:01:49]} Bf5 {[%clk 00:20:24]} {[%emt
00:03:48]} 22. Bxf5 {[%clk 00:16:15]} {[%emt 00:04:50]} Nxf5 {[%clk 00:20:44]}
{[%emt 00:00:09]} 23. Nc4 {[%clk 00:14:16]} {[%emt 00:02:30]} d5 {[%clk
00:18:09]} {[%emt 00:03:04]} 24. Bb6 {[%clk 00:11:04]} {[%emt 00:03:43]} Qb8
{[%clk 00:15:10]} {[%emt 00:03:29]} 25. Bc7 {[%clk 00:10:27]} {[%emt 00:01:08]}
Qa7+ {[%clk 00:14:46]} {[%emt 00:00:52]} 26. Ne3 {[%clk 00:05:40]} {[%emt
00:05:19]} Bh6 {[%clk 00:13:41]} {[%emt 00:01:34]} 0-1